| 000 | 00754cab a2200253 4500 | ||
|---|---|---|---|
| 001 | ABS51464 | ||
| 008 | 090401t1994 xxu||||| |||| 00| 0 eng d | ||
| 035 | _a(Sirsi) u28527 | ||
| 041 | _aeng | ||
| 100 | _aDavis, L. | ||
| 245 | _aConditional approval | ||
| 260 | _c1994 | ||
| 350 | _a0 | ||
| 490 |
_aBuilding Economist _vSeptember 1994, 6(1) |
||
| 520 | _aArgues that the "New Engineering Contract" gives the QS profession a chance to take a leading role in projects. | ||
| 650 | _aNEW ENGINEERING CONTRACT | ||
| 650 | _aMANAGEMENT-PROJECT MANAGEMENT | ||
| 650 | _aQUANTITY SURVEYORS | ||
| 650 | _aROLE | ||
| 690 | _aBUILT ENVIRONMENT-BUILDING CONTRACT FORMS | ||
| 690 |
_aQuantity surveying _96263 |
||
| 942 | _n0 | ||
| 948 | _c04/03/1997 | ||
| 999 |
_c19189 _d19189 |
||